[Event "Saint Louis Invitational-A 2019"]
[Site "Saint Louis"]
[Date "2019.11.24"]
[Round "7.1"]
[White "Stremavicius, Titas"]
[Black "Matsenko, Sergei"]
[Result "1/2-1/2"]
[WhiteElo "2506"]
[BlackElo "2533"]
[Annotator "TA"]
[PlyCount "37"]
[EventDate "2019.11.21"]
[EventType "tourn"]
[EventCountry "USA"]
[SourceTitle "playchess.com"]
[Source "ChessBase"]
[SourceQuality "1"]

{[%evp 17,37,23,31,14,34,29,26,29,35,18,33,11,21,8,20,0,33,33,39,39,37,45]} 1. c4 Nf6 2. Nc3 c5 3. Nf3 e6 4. e3 d5 5. cxd5 Nxd5 6. Nxd5 Qxd5 7. b3 Be7 8. Bb2 O-O 9. Bc4 Qd8 10. Qc2 {A13: English Opening: 1...e6} (10. O-O Nc6 11. d4 cxd4 12. Nxd4 Nxd4 13. Bxd4 Bd7 14. Qh5 Bc6 15. Rad1 Qc7 16. Bd3 g6 17. Qe2 e5 {½-½ (47) Bocharov,D (2594)-Grachev,B (2653) Serpukhov 2018}) 10... Bf6 11. Bxf6 Qxf6 12. O-O {White has an edge.} Nd7 13. Rfd1 $146 ({Predecessor:} 13. Bb5 a6 14. Bxd7 Bxd7 15. Qxc5 Rac8 16. Qe5 Rc2 17. Rfc1 Rfc8 18. Rxc2 Rxc2 19. Qxf6 gxf6 {1-0 (49) Gareyev,T (2502)-Sandler,L (2288) Auckland 2019}) 13... b6 14. Bd3 g6 15. Be4 Rb8 16. d4 a5 17. Rac1 {White is slightly better.} Bb7 18. Bxb7 Rxb7 19. Nd2 1/2-1/2

[Event "Saint Louis Invitational-A 2019"]
[Site "Saint Louis"]
[Date "2019.11.24"]
[Round "7.2"]
[White "Kevlishvili, Robby"]
[Black "Thavandiran, Shiyam"]
[Result "0-1"]
[WhiteElo "2475"]
[BlackElo "2409"]
[Annotator "TA"]
[PlyCount "112"]
[EventDate "2019.11.21"]
[EventType "tourn"]
[EventCountry "USA"]
[SourceTitle "playchess.com"]
[Source "ChessBase"]
[SourceQuality "1"]

{[%evp 9,112,39,37,31,41,33,33,33,37,39,32,27,26,0,26,22,15,-3,-2,-5,-12,-14,0,-7,-7,-11,-14,-21,0,-11,0,-21,16,-87,-92,-100,-78,-114,-21,-88,0,-95,-23,-67,-38,-44,-51,-97,-34,-213,-206,-268,-264,-371,-358,-386,-370,-361,-317,-343,-245,-495,-491,-477,-484,-487,-488,-499,-496,-487,-469,-487,-461,-460,-429,-361,0,-455,-441,-501,-429,-416,-416,-418,-416,-416,-384,-438,-391,-551,-456,-526,-518,-586,-576,-581,-582,-579,-558,-766,-716,-29946,-6070,-1993,-583]} 1. e4 c6 2. d4 d5 3. e5 Bf5 4. h4 Qc8 5. c4 dxc4 6. Bxc4 {B12: Caro-Kann: Advance Variation} e6 7. Nc3 {And now g4 would win.} h6 8. Nge2 {White is slightly better.} Ne7 9. O-O $146 ({Predecessor:} 9. Ng3 Bh7 10. Nge4 Nd5 11. Qg4 Bxe4 12. Nxe4 {1-0 (45) Delchev,A (2614)-Burmakin,V (2559) Benasque 2013}) 9... Nd7 10. Ng3 Nb6 11. Bd3 (11. Bb3 {is more complex.} Qd8 12. Be3 Bh7 13. Qg4 a5 14. Rac1) 11... Bxd3 12. Qxd3 Qd7 13. Be3 O-O-O 14. a4 Kb8 15. b4 Ned5 16. b5 Nxc3 17. Qxc3 Rc8 18. Qb2 Be7 19. Ne4 Nd5 $36 {[%mdl 2048] Black is pushing.} ({But not} 19... Bxh4 $6 20. Nd6 $16) 20. Rfc1 f5 21. Nc5 (21. exf6 $1 $11 {was the only way to keep the balance.} gxf6 22. Qe2) 21... Bxc5 $1 $17 22. Rxc5 g5 23. h5 Rc7 (23... cxb5 $1 $17 24. axb5 b6 25. Rxc8+ Rxc8) 24. Bd2 (24. Rac1 $11) 24... Rhc8 (24... cxb5 $1 $17 25. Qxb5 Qxb5 26. Rxb5 b6) 25. Bb4 {[#]} (25. Qa3 $11 {keeps the balance.}) 25... Ka8 (25... Nf4 $1 $17 26. Rc2 Qd5) 26. Ba3 b6 27. Rxc6 Rxc6 28. bxc6 Qxc6 ({Better is} 28... Rxc6 $17 29. g3 Qe8) 29. g3 $2 (29. Rc1 $15 Qe8 30. Rxc8+ Qxc8 31. a5) 29... Qxa4 $19 30. Bf8 Qe8 {[%mdl 64] Double Attack} 31. Qa3 (31. Qa2 {was called for.} a5 32. Bc5) 31... a5 32. Bc5 {Black must now prevent Bxb6!} Qb5 33. Bf8 Kb7 34. Bxh6 Rh8 35. Bg7 $2 (35. Bxg5 {was forced.} Rxh5 36. Bh4) 35... Rxh5 {Threatens to win with ...Qe2.} 36. Rc1 Qe8 37. Bf6 g4 38. Qd6 Rh7 39. Bd8 Qd7 40. Qf8 Rf7 41. Qg8 Rg7 42. Qf8 Rf7 43. Qg8 $1 a4 44. Bh4 f4 45. Qxg4 fxg3 46. Bxg3 Rg7 47. Qf3 Qe8 48. Qa3 Rc7 49. Ra1 (49. Rxc7+ {was the only defense.} Nxc7 50. Bf4) 49... Rc4 50. Qf3 Qc6 51. Qf7+ Ka6 52. Kh2 Rxd4 53. Qf8 Rc4 54. Qg8 Nf4 {[%csl Gf4][%cal Rc6g2]} 55. Rg1 Qf3 {( -> ...Qh5+)} 56. Qe8 Qh5+ {Accuracy: White = 32%, Black = 69%.} (56... a3 $142 57. Qe7 {[#]} Rc1 $1 {[%mdl 512]} 58. Qxa3+ Qxa3 59. Bxf4 Rxg1 60. Kxg1 b5) 0-1

[Event "Saint Louis Invitational-A 2019"]
[Site "Saint Louis"]
[Date "2019.11.24"]
[Round "7.3"]
[White "Zierk, Steven"]
[Black "Yoo, Christopher Woojin"]
[Result "1/2-1/2"]
[WhiteElo "2512"]
[BlackElo "2449"]
[Annotator "TA"]
[PlyCount "80"]
[EventDate "2019.11.21"]
[EventType "tourn"]
[EventCountry "USA"]
[SourceTitle "playchess.com"]
[Source "ChessBase"]
[SourceQuality "1"]

{[%evp 9,80,57,48,52,30,13,13,15,11,17,16,16,33,37,39,41,46,63,56,57,57,58,52,34,28,20,22,7,26,26,26,16,26,26,26,6,8,6,16,9,11,10,13,9,15,19,41,41,41,41,56,37,38,45,45,37,40,41,45,45,45,11,18,7,7,7,7,8,8,8,3,3,10]} 1. Nf3 Nf6 2. c4 g6 3. Nc3 Bg7 4. e4 e5 5. Nxe5 O-O 6. Nf3 {A16: English Opening: 1...Nf6 with ...d5} Re8 $1 7. Bd3 Nxe4 8. Bxe4 Bxc3 $1 9. dxc3 Rxe4+ {[%mdl 64] [#] Double Attack} 10. Be3 d6 11. c5 d5 12. Qd2 $146 ({Predecessor:} 12. h3 b6 {1-0 (29) So,W (2754)-Mamedyarov,S (2774) Zagreb 2019}) 12... Nc6 13. O-O Bg4 {White should prevent ...Bxf3.} 14. Nd4 {Nxc6 is the strong threat.} Qe7 15. Nxc6 bxc6 16. Bd4 {[#] Strongly threatening f3.} Be2 17. Rfe1 Re8 18. Qh6 {[%csl Gd4][%cal Rh6g7]} f6 19. h3 Qg7 20. Qxg7+ Kxg7 21. f3 R4e6 22. Bf2 g5 23. Bg3 R6e7 24. Kf2 Bc4 25. b3 Re2+ 26. Kg1 Bd3 27. Rad1 Rxe1+ 28. Rxe1 Rxe1+ 29. Bxe1 $11 {[%mdl 4096] Endgame KB-KB} f5 30. h4 h6 31. Bf2 Kg6 32. Bd4 f4 33. Be5 Kf5 34. Bxc7 g4 35. fxg4+ Kxg4 {The position is equal.} 36. Kf2 h5 37. b4 Bb5 38. Bd8 a6 39. Be7 Ba4 40. Bd6 Bb5 {Accuracy: White = 86%, Black = 79%.} 1/2-1/2

[Event "Saint Louis Invitational-A 2019"]
[Site "Saint Louis"]
[Date "2019.11.24"]
[Round "7.4"]
[White "Boros, Denes"]
[Black "Mishra, Abhimanyu"]
[Result "1/2-1/2"]
[WhiteElo "2448"]
[BlackElo "2396"]
[Annotator "TA"]
[PlyCount "100"]
[EventDate "2019.11.21"]
[EventType "tourn"]
[EventCountry "USA"]
[SourceTitle "playchess.com"]
[Source "ChessBase"]
[SourceQuality "1"]

{[%evp 24,100,0,0,0,0,0,0,0,-12,-12,-12,-12,-10,-5,-8,-16,-102,-33,-36,-41,-54,-31,-73,-9,-8,-6,-42,0,0,18,18,18,18,18,8,71,82,80,79,90,55,73,81,127,103,98,110,116,0,0,0,8,8,31,0,0,0,0,0,0,0,0,0,0,0,0,0,0,0,0,0,0,0,0,0,0,0,0]} 1. e4 c5 2. c3 Nf6 3. e5 Nd5 4. Nf3 e6 5. Bc4 d6 6. O-O Nc6 7. d4 cxd4 8. cxd4 Be7 9. Qe2 O-O 10. Nc3 Nxc3 11. bxc3 dxe5 12. dxe5 Qc7 13. Qe4 b6 {B22: Sicilian: 2 c3} 14. Bg5 (14. Re1 Bb7 15. Bd3 g6 16. Qg4 Na5 17. Bh6 Bxf3 18. Qxf3 Rfd8 19. Ba6 Rab8 20. h3 b5 21. a4 {0-1 (35) Vajda,L (2588)-Vovk,Y (2614) Slovakia 2018}) 14... Bb7 15. Bd3 {[%csl Gd3][%cal Re4h7] [#]} g6 {Strongly threatening ...Bxg5.} 16. Bf6 Nb8 17. Qh4 $1 {Threatening mate with Ng5.} Bxf6 18. exf6 {Intending Qh6 and mate.} Nd7 19. Bb5 $1 {[%cal Rb5d7] Bxd7 is the strong threat.} Bxf3 $146 ({Predecessor:} 19... h5 20. Bxd7 Bxf3 21. Ba4 {½-½ (39) Price,B (1977)-Korshunov,I ICCF email 2010}) 20. gxf3 {[#]} (20. Bxd7 $1 $11 h5 21. Qg5) 20... Kh8 (20... h5 $1 $17) 21. Bxd7 Qxd7 22. Rad1 {White threatens Qh6! and mate.} Qb5 23. Rd4 Rg8 (23... h5 $17) 24. Rfd1 $40 {[%mdl 128] White has some attack.} Qf5 25. R1d3 Raf8 26. Kg2 e5 27. Rd7 g5 28. Qe4 Qxf6 29. Rxa7 Qe6 (29... Rd8 $11 {remains equal.}) 30. Rdd7 $16 Rg6 31. Re7 Qf6 32. h3 Kg7 33. Rxe5 Qd6 34. c4 h6 35. Rb7 Rf6 36. Ree7 ({White should play} 36. Rb5 $16) 36... Rd8 $11 37. Re5 {aiming for Rd5.} Rf4 38. Qe3 Qd4 39. Qxd4 (39. Rd5 {feels hotter.} Rxd5 40. cxd5 Qxd5 41. Rxb6 Rh4 42. Qc3+) 39... Rdxd4 {The position is equal.} 40. Rxb6 Rxc4 $14 {[%mdl 4096] Endgame KRR-KRR} 41. Ra6 Ra4 42. Rea5 Rab4 43. Rc6 Rb2 44. Rc7 Rd4 {White must now prevent ...Rdd2.} 45. h4 Rdd2 46. hxg5 Rxf2+ 47. Kg3 Rg2+ 48. Kf4 hxg5+ 49. Rxg5+ Rxg5 50. Kxg5 Rxa2 {Accuracy: White = 57%, Black = 59%.} 1/2-1/2

[Event "Saint Louis Invitational-A 2019"]
[Site "Saint Louis"]
[Date "2019.11.24"]
[Round "7.5"]
[White "Abrahamyan, Tatev"]
[Black "Hilby, Craig"]
[Result "0-1"]
[WhiteElo "2397"]
[BlackElo "2414"]
[Annotator "TA"]
[PlyCount "70"]
[EventDate "2019.11.21"]
[EventType "tourn"]
[EventCountry "USA"]
[SourceTitle "playchess.com"]
[Source "ChessBase"]
[SourceQuality "1"]

{[%evp 13,70,40,52,41,65,66,104,75,73,54,62,38,41,11,10,0,0,-37,0,-50,-39,-55,-77,-184,-187,-201,-229,-315,-159,-228,-267,-272,-264,-255,-272,-268,-260,-270,-272,-250,-251,-253,-254,-245,-212,-240,-244,-243,-231,-363,-331,-356,-358,-328,-334,-568,-568,-29997,-29998]} 1. e4 c5 2. Nf3 Nc6 3. Bb5 d6 4. O-O Bd7 5. Re1 a6 6. Bf1 e5 7. c3 Nf6 8. h3 {B51: Sicilian: Moscow Variation (3 Bb5+) without 3...Bd7} g6 (8... Be7 9. d4 O-O 10. d5 Na7 11. Nxe5 dxe5 12. d6 Be6 13. dxe7 Qxe7 14. Nd2 Rfd8 15. Qc2 Rac8 16. b3 b5 17. a4 {1-0 (35) Svidler,P (2727)-Movsesian,S (2658) Berlin 2015}) 9. d4 Bg7 10. d5 {White is better.} Ne7 11. b4 $146 ({Predecessor:} 11. c4 b5 12. cxb5 axb5 13. b4 cxb4 14. Bd2 Ra4 15. Qb3 {½-½ (36) Pugachov,A (2499)-Kharlov,A (2591) chessassistantclub.com INT 2004}) 11... cxb4 12. cxb4 O-O 13. Nbd2 b5 14. Nb3 Nh5 15. Bb2 Nf4 16. Na5 f5 $1 17. g3 fxe4 18. gxf4 (18. Ng5 $17 Nfxd5 19. Bg2) 18... exf3 $19 19. fxe5 {Threatening Nb7.} Nf5 $1 {...Qg5+ is the strong threat.} 20. Qd2 Bh6 ({Black should try} 20... Qh4 $19 21. e6 Bxb2 22. Qxb2 Ng3 $1 {[%mdl 576] Promotion}) 21. Qd3 (21. Qc3 $17 {might work better.}) 21... Qg5+ 22. Kh1 {[#]} Ng3+ $1 {[%mdl 512]} 23. fxg3 Qxg3 24. e6 Bf4 $40 {[%csl Gf4][%cal Rg3h2][%mdl 128] Black has strong attack.} 25. Re2 fxe2 26. Qxe2 Be8 $1 27. Nc6 Bxc6 28. dxc6 {aiming for e7.} Rae8 29. Rd1 Be3 {[%csl Ge3][%cal Rg3g1]} 30. Qg2 {[#]} Qh4 $1 {Strongly threatening ...Rf2.} 31. e7 (31. Bc3 {was necessary.}) 31... Rxe7 {[%cal Be8e7,Be7f7,Bf7f1][%mdl 32]} 32. Qd5+ Ref7 33. Bg2 {[#]} Qg3 $1 {White must now prevent ...Bf4.} ({And not} 33... Qxb4 34. Bf6 $11) 34. Qd3 $2 (34. Qb3 {is a better defense.} d5 35. Rg1) 34... h5 35. Qc3 {[%csl Gb2][%cal Rc3h8] [#]} Rf1+ $1 {[%mdl 576] Back Rank. Accuracy: White = 41%, Black = 73%.} 0-1

[Event "Saint Louis Invitational-A 2019"]
[Site "Saint Louis"]
[Date "2019.11.25"]
[Round "8.1"]
[White "Matsenko, Sergei"]
[Black "Hilby, Craig"]
[Result "1-0"]
[WhiteElo "2533"]
[BlackElo "2414"]
[Annotator "TA"]
[PlyCount "67"]
[EventDate "2019.11.21"]
[EventType "tourn"]
[EventCountry "USA"]
[SourceTitle "playchess.com"]
[Source "ChessBase"]
[SourceQuality "1"]

{[%evp 12,67,31,18,21,0,23,0,0,-9,-12,-4,-2,-19,12,-25,-8,0,0,-31,-17,-12,-16,-16,-8,-9,-14,-15,0,-17,-12,-15,0,0,16,8,75,72,67,44,48,37,91,88,103,108,111,116,177,174,172,168,876,869,850,850,791,772]} 1. Nf3 Nf6 2. c4 b6 3. g3 Bb7 4. Bg2 g6 5. O-O Bg7 6. d4 O-O 7. d5 Ne4 {A50: Queen's Fianchetto Defence (1 d4 Nf6 2 c4 b6)} (7... Na6 8. Nc3 Nc5 9. Nd4 a5 10. e4 e5 11. Nc2 d6 12. b3 Bc8 13. Rb1 Bd7 14. a3 a4 15. b4 {0-1 (38) Vidit,S (2707)-Rapport,R (2736) Hengshui 2019}) 8. Nbd2 Nc5 9. Rb1 a5 {The position is equal.} 10. Nb3 $146 ({Predecessor:} 10. b3 e6 11. dxe6 dxe6 12. Bb2 Bxb2 13. Rxb2 Qf6 14. Qc1 Rd8 15. a3 {½-½ (30) Ikonnikov,V (2542)-Stocek,J (2556) Germany 2017}) 10... Nba6 11. Nxc5 Nxc5 12. Bf4 e6 13. Be5 (13. d6 $5 {[%cal Rd6c7]}) 13... Re8 14. Bxg7 Kxg7 15. d6 Rc8 16. b4 axb4 17. Rxb4 e5 18. dxc7 Qxc7 19. Qb1 Ra8 20. Qb2 Bc6 21. Rb1 f6 22. Ne1 Bxg2 23. Nxg2 Ra4 (23... Ra5 $11) 24. Rxa4 $16 Nxa4 25. Qb4 Qc6 26. Ne3 d6 (26... Nc5 $14) 27. Rb3 Re7 28. Nd5 $36 {[%mdl 2048] Black is under strong pressure.} Rb7 {[#]} 29. Qa3 $1 Qxc4 (29... h5 $16 {was called for.}) 30. Qxd6 $18 {[%mdl 64] Double Attack} Rf7 {Hoping for ...Nc5.} 31. Rf3 {[%cal Rf3f6]} Qxe2 $2 (31... Qc5 32. Rxf6 Qxd6 33. Rxd6 Ra7) 32. Rxf6 {White is clearly winning.} Qe1+ 33. Kg2 {[#] Rxf7+ would kill now.} Qe4+ 34. Kh3 {Accuracy: White = 58%, Black = 23%.} 1-0

[Event "Saint Louis Invitational-A 2019"]
[Site "Saint Louis"]
[Date "2019.11.25"]
[Round "8.2"]
[White "Mishra, Abhimanyu"]
[Black "Abrahamyan, Tatev"]
[Result "1/2-1/2"]
[WhiteElo "2396"]
[BlackElo "2397"]
[Annotator "TA"]
[PlyCount "106"]
[EventDate "2019.11.21"]
[EventType "tourn"]
[EventCountry "USA"]
[SourceTitle "playchess.com"]
[Source "ChessBase"]
[SourceQuality "1"]

{[%evp 25,106,25,37,37,39,29,32,0,0,0,0,0,0,0,0,-10,0,-58,-56,-89,-80,-89,-89,-89,-89,-89,-56,-63,-56,-63,-56,-56,-56,-56,-48,-56,-56,-63,-56,-137,-135,-134,-135,-149,-142,-279,-269,-263,-137,-123,0,0,0,-130,-102,-166,-167,-170,-170,-178,0,0,0,0,0,0,0,0,0,0,0,0,0,0,0,0,0,0,0,0,0,0,0]} 1. e4 e6 2. d4 d5 3. Nc3 Bb4 4. e5 Ne7 5. a3 Bxc3+ 6. bxc3 c5 7. Qg4 O-O 8. Bd3 f5 9. exf6 Rxf6 10. Bg5 Rf7 11. Qh5 g6 12. Qd1 Nbc6 13. Nf3 Qf8 14. O-O {C18: French: 3 Nc3 Bb4: Main line: 7 h4 and 7 Qg4} c4 15. Be2 h6 16. Bh4 {White is slightly better.} (16. Bd2 Nf5 17. a4 Bd7 18. a5 Nd6 19. Qc1 Kh7 20. Rb1 Be8 21. Be3 Ne4 {0-1 (53) Van Foreest,J (2612)-Lagarde,M (2604) chess.com INT 2019}) 16... Nf5 17. Qd2 Bd7 18. Bg3 Nxg3 19. hxg3 Qg7 20. Qe3 g5 $146 ({Predecessor:} 20... Raf8 21. Rae1 g5 {1-0 (48) Berend,F (2378)-Ortmann,D (2261) Boeblingen 2004}) 21. Ne5 (21. Nh2 $11) 21... Nxe5 $15 22. dxe5 Qg6 23. f4 g4 24. a4 h5 25. Ra2 {[%cal Ba1a2,Ba2b2,Bb2b6][%mdl 32]} a6 26. Kf2 Be8 27. Rh1 Qf5 28. a5 Rc7 29. Qd4 Bg6 30. Rb2 Qf7 31. Rhb1 Be4 32. Ke3 ({White should play} 32. Bd1 $15) 32... Bxg2 $17 33. Rb6 Be4 34. Rd6 Bxc2 35. Rbb6 (35. Rh1 $17) 35... Re8 $19 36. Bd1 {[#]} Bxd1 (36... Bb3 $1 $19 37. Be2 (37. Bxb3 cxb3) 37... Qf5) 37. Qxd1 $17 Qf5 ({Better is} 37... Kh8 $17 38. Rb2 Kg8) 38. Qb1 $11 Qf7 (38... Qxb1 $11 39. Rxb1 Rh7) 39. Qd1 $17 Rce7 40. Kd4 (40. Qh1 $17) 40... Rf8 $19 41. Ke3 {[#]} Kg7 $1 42. Qh1 Qg6 $2 {[#]} (42... Qf5 $19 {Strongly threatening ...Qc2.} 43. Qb1 Qxb1 44. Rxb1 Kg6) 43. Qxd5 $1 $11 {[%mdl 576] Double Attack, Pin. The position is equal.} Qc2 (43... exd5 44. Rxg6+) 44. Qxc4 Qg2 45. Rxe6 Qxg3+ 46. Ke2 $1 Qf3+ 47. Ke1 $1 Qe3+ 48. Kd1 $1 Rxe6 49. Qxe6 Qd3+ 50. Kc1 Qxc3+ {[%mdl 64] Double Attack} 51. Kb1 Qd3+ 52. Ka1 Qd4+ 53. Ka2 Qd2+ {Accuracy: White = 59%, Black = 53%.} 1/2-1/2

[Event "Saint Louis Invitational-A 2019"]
[Site "Saint Louis"]
[Date "2019.11.25"]
[Round "8.3"]
[White "Yoo, Christopher Woojin"]
[Black "Boros, Denes"]
[Result "1-0"]
[WhiteElo "2449"]
[BlackElo "2448"]
[Annotator "TA"]
[PlyCount "121"]
[EventDate "2019.11.21"]
[EventType "tourn"]
[EventCountry "USA"]
[SourceTitle "playchess.com"]
[Source "ChessBase"]
[SourceQuality "1"]

{[%evp 14,120,11,20,15,19,7,9,26,0,0,0,19,-65,-62,-60,-54,-60,-65,-55,-58,-57,-56,-63,-62,-62,-37,-62,-55,-54,-56,-69,-37,-27,-29,-56,-58,-52,-52,-56,-58,-55,-39,-49,-29,-53,-39,-31,-41,-77,-68,-55,-68,-80,-66,-60,-39,-39,-28,-28,-28,-24,-15,-98,-97,-82,-80,-116,-93,-121,-68,-70,0,0,0,0,0,-80,0,0,0,0,0,0,9625,7499,29965,29968,29969,29970,29970,29972,29970,29971,29975,29975,29983,29984,29984,29985,29986,29986,29987,29988,29988,29989,29989,29990,29992]} 1. e4 c5 2. Nf3 Nc6 3. Nc3 g6 4. d4 cxd4 5. Nxd4 Bg7 6. Be3 Nf6 7. Bc4 O-O 8. Bb3 Re8 {B35: Sicilian: Accelerated Dragon with 5 Nc3: main line} 9. O-O (9. f3 d5 10. exd5 Nb4 11. Nde2 e6 12. d6 Nbd5 13. Bd4 Qxd6 14. Bxd5 exd5 15. Qd2 b5 16. Nxb5 {½-½ (26) Caruana,F (2819)-Dubov,D (2700) Paris 2019}) 9... d6 10. h3 Na5 {The position is equal.} 11. Re1 b6 12. Bg5 Bb7 13. f4 $146 ({White should try} 13. Ba4 $11) ({Predecessor:} 13. Qd3 a6 14. Ba4 b5 15. Ncxb5 axb5 16. Bxb5 Rf8 17. b4 e5 18. bxa5 exd4 {½-½ (44) Vasilescu,M (1814)-Pritchard,A (1552) Albena 2011}) 13... a6 $15 14. Bxf6 $1 Bxf6 15. Bd5 e6 16. Bxb7 Nxb7 17. e5 Bg7 18. Nf3 Qc7 19. Qe2 Na5 20. Rad1 Nc4 {And now ...dxe5 would win.} 21. exd6 $1 Nxd6 {Hoping for ...Nc4.} 22. Ne5 b5 23. Ne4 Rad8 24. Nxd6 Rxd6 25. Rxd6 Qxd6 26. c3 Rd8 27. Qe4 $1 Qc5+ 28. Kh2 Qc7 29. a4 Rd5 30. axb5 axb5 31. Kh1 h5 32. Nf3 Bf6 33. h4 Kg7 34. g3 Qa7 {Strongly threatening ...Qf2.} 35. Kg2 Qa2 36. Re2 Qa1 37. Rf2 Bd8 38. Nd4 (38. Qe3 $11) 38... Bb6 $17 39. Rd2 {[#]} b4 $1 {[%mdl 512]} 40. Qf3 (40. cxb4 Rxd4) 40... Kg8 41. Qd1 Qa2 (41... bxc3 $17 42. bxc3 (42. Qxa1 $2 {perishes.} cxd2 43. Kf3 Bxd4 $19) 42... Qxc3) 42. Nf3 $15 Be3 (42... bxc3 $15 43. bxc3 Rxd2+ 44. Qxd2 Qb3) 43. Rxd5 $11 exd5 44. Qc2 Qc4 45. Qd1 {[#]} (45. Ne5 $11 Qb5 46. cxb4) 45... b3 (45... Qe4 $1 $17) 46. Nd4 Bxd4 47. Qxd4 Qxd4 48. cxd4 {[%mdl 4096] Endgame KP-KP} Kg7 $2 {[%mdl 8192]} (48... Kf8 $11) 49. Kf3 $18 Kf6 {[#]} 50. g4 $1 {White mates.} Ke7 51. f5 hxg4+ 52. Kxg4 Kf6 53. Kf4 Kg7 54. fxg6 fxg6 {K3P-K3P} 55. Ke5 Kh6 56. Kxd5 Kh5 57. Kc6 g5 58. hxg5 Kg6 59. d5 Kf5 60. d6 Ke5 {Accuracy: White = 63%, Black = 49%.} 61. d7 1-0

[Event "Saint Louis Invitational-A 2019"]
[Site "Saint Louis"]
[Date "2019.11.25"]
[Round "8.4"]
[White "Thavandiran, Shiyam"]
[Black "Zierk, Steven"]
[Result "1/2-1/2"]
[WhiteElo "2409"]
[BlackElo "2512"]
[Annotator "TA"]
[PlyCount "69"]
[EventDate "2019.11.21"]
[EventType "tourn"]
[EventCountry "USA"]
[SourceTitle "playchess.com"]
[Source "ChessBase"]
[SourceQuality "1"]

{[%evp 14,69,18,8,33,29,8,21,13,17,35,28,41,41,50,38,72,22,34,25,37,0,25,33,41,24,26,32,57,33,147,154,151,77,84,60,60,60,59,23,54,0,114,93,132,0,1,20,12,0,51,0,0,0,0,0,0,0]} 1. e4 e6 2. d4 d5 3. Nc3 Bb4 4. exd5 exd5 5. Bd3 Nc6 6. a3 Bxc3+ 7. bxc3 Nge7 8. Qh5 Qd6 {C01: French: Exchange Variation} (8... Be6 9. Ne2 Qd7 10. Ng3 O-O-O 11. h3 g6 12. Qf3 Nf5 13. Nxf5 Bxf5 14. Bxf5 gxf5 15. O-O Rde8 16. Bf4 Re4 17. g3 h5 {1-0 (30) Onischuk,V (2612)-Kovalenko,I (2700) Berlin 2015}) 9. Ne2 g6 10. Qf3 Bf5 11. O-O f6 $146 ({Predecessor:} 11... O-O-O 12. a4 Rhe8 13. Ba3 Qd7 14. Ng3 Bxd3 15. cxd3 f5 16. Rfb1 {1-0 (41) Schroeter,M (2040)-Tillmann,M (2041) Basel 2016}) 12. a4 O-O-O 13. Ba3 Qd7 14. Ng3 h5 15. Rfe1 {Black must now prevent Bb5.} Bxd3 16. cxd3 h4 17. Nf1 ({Not} 17. Qxf6 Rdf8 $17) 17... Rhf8 18. Ne3 $36 {[%mdl 2048] Black is under pressure.} Rf7 19. Ng4 Nf5 20. h3 Kb8 21. Rab1 Nce7 ({Better is} 21... b6 $14) 22. Nxf6 $1 $16 Qxa4 23. Bxe7 (23. Ra1 $142 {Threatens to win with Bxe7.} Qc6 24. Ng4 Qxc3 25. Rec1) 23... Rxe7 24. Nxd5 Rxe1+ 25. Rxe1 a5 26. c4 Re8 27. Rb1 (27. Rf1 $14) 27... Qc6 (27... Nxd4 $11 {remains equal.} 28. Qf7 {[%mdl 64] Double Attack} Rc8) 28. Qf4 Qd6 {[#]} 29. Qxd6 (29. Qd2 $1 $16) 29... cxd6 {[%mdl 4096] Endgame KRN-KRN} 30. Ra1 Nxd4 31. Rxa5 Re1+ 32. Kh2 Re2 {The position is equal.} 33. Kg1 Re1+ 34. Kh2 Re2 35. Kg1 {Accuracy: White = 38%, Black = 51%.} 1/2-1/2